000 00461nam a2200193Ia 4500
008 240510s9999 xx 000 0 und d
020 _a0001572316179
041 _aEng
082 _a004.678
082 _bM31
100 _a(BY MICROSOFT)
245 0 _aOFFICIAL MICROSOFT BOOKSHELF INTERNET DIRECTORY
260 _bWASHINGTON : MICROSOFT :
260 _c1997
300 _a1128 p.
650 _aINTERNET : DIRECTORY
942 _2ddc
942 _cRBK
999 _c26564
_d26564
945 _a1
_bMadushi Gamage
_c1
_dMadushi Gamage